| 000 | 00481nam a2200181Ia 4500 | ||
|---|---|---|---|
| 001 | 4249 | ||
| 005 | 20260306145742.0 | ||
| 008 | 260306t2004||||xx |||||||||||||| ||spa|| | ||
| 041 | _aESP | ||
| 082 |
_a320.0985 _bG52 |
||
| 100 |
_aGlave Testino, Luis Miguel _eAUT |
||
| 245 | 0 |
_aLa república instalada : _bformación nacional y prensa en el Cuzco 1825-1839 |
|
| 260 | _c2004 | ||
| 300 |
_a251 páginas : _c20 cm. |
||
| 650 | _aGEN | ||
| 654 | _aCDE | ||
| 942 |
_cLIB _dJUS _fJUS _2ddc _n |
||
| 999 |
_c4249 _d4249 |
||